Pays disparus depuis 1946 - Statistiques

Statistiques générales
  • Ce quiz a été pris 208 fois
  • Le résultat moyen est 5 sur 11
Statistiques - réponses
Date de disparition Pays % Correct
1995 Yougoslavie
94%
1991 URSS
93%
1992 Tchecoslovaquie
89%
1990 RDA
66%
1951 Tibet
35%
1975 Vietnam du Sud
24%
1990 Yemen du Sud
22%
1990 Yemen du Nord
21%
1964 Zanzibar
13%
1961/1971 République Arabe Unie
11%
1964 Tanganyka
10%
Aucun quiz correspondant
Distribution des résultats
% des personnes avec chaque résultat
Percentile par nombre de réponses
Votre historique - résultats
Vous n’avez pas pris ce quiz